00588 a2200181 450000100060000002000150000604000370002110000180005824000340007624500290011030000090013936200090014865000240015794200070018195201050018895200960029399900170038974868 a8516028402 cAnchieta - Colégio São Paulo aMayhew, James10aÉrica e os girassóislpor10aÉrica e os girassóis a[32]0 a2005 4aLiteratura infantil cBK 00104070a88.1b88.1d2023-11-22l0oLI 028.5 M469ep5963/CSPr2023-11-22 14:32:01w2023-11-22yBK 00102ddc4070a57.2b57.2d2024-07-03l0pif425r2024-07-03 12:44:37w2024-07-03yBKzEu c74868d74868